Ekonomické rozhodovanie použitím Markovových reťazcov
Posúdenie na základe Markovových reťazcov, či vopred vybraná predajňa maloobchodnej siete bude vhodná na investovanie. Zistenie, na základe akých pravdepodobností bude pozorovaná predajňa do budúcnosti spĺňať plánovaný obrat, a tým bude spĺňať požiadavku každého manažmentu pre úspešný návrat investí...
Guardado en:
| Autor principal: | |
|---|---|
| Formato: | Capítulo de libro |
| Lenguaje: | eslovaco |
| Materias: | |
| Etiquetas: |
Sin Etiquetas, Sea el primero en etiquetar este registro!
|
MARC
| LEADER | 00000nla a2200000 4500 | ||
|---|---|---|---|
| 001 | 0181234 | ||
| 005 | 20240502073116.5 | ||
| 041 | 0 | |a slo | |
| 044 | |a SK | ||
| 245 | 1 | 0 | |a Ekonomické rozhodovanie použitím Markovových reťazcov |c Jana Mihalechová |
| 520 | |a Posúdenie na základe Markovových reťazcov, či vopred vybraná predajňa maloobchodnej siete bude vhodná na investovanie. Zistenie, na základe akých pravdepodobností bude pozorovaná predajňa do budúcnosti spĺňať plánovaný obrat, a tým bude spĺňať požiadavku každého manažmentu pre úspešný návrat investícií. | ||
| 610 | 2 | 0 | |a rozhodovanie |
| 610 | 2 | 0 | |a reťazce Markovove |
| 610 | 2 | 0 | |a maloobchod |
| 610 | 2 | 0 | |a predajne |
| 610 | 2 | 0 | |a obrat obchodný |
| 610 | 2 | 0 | |a návratnosť investícií |
| 610 | 2 | 0 | |a pravdepodobnosť |
| 100 | 1 | |a Mihalechová, Jana, 1988- | |